000 00451nam a2200193Ia 4500
005 20240823013605.0
008 240823s9999||||xx |||||||||||||| ||und||
020 _a81-7884-029-4
041 _aENGLISH
082 _A005.432 P4
100 _aDev Prakash
245 0 _aUNIX : Concepts and Applications
250 _a1st
260 _c2004
_b"Cyber Tech,"
500 _aYES
650 _aUNIX
_bComputer Science
942 _cBK
999 _c167661
_d167661